All ARK: Survival Evolved Creatures New To Genesis - Statistics

General Stats
  • This quiz has been taken 61 times
  • The average score is 6 of 9
Answer Stats
Diet Answer % Correct
Carnivore Magmasaur
94%
Carnivore Bloodstalker
91%
Herbivore Ferox
77%
Omnivore Megachelon
74%
Unknown Astrocetus
68%
Unknown Corrupted Master Controller
55%
Unknown Insect Swarm
55%
Unknown Parakeet FishSchool
53%
Unknown Moeder
45%
No matching quizzes found
Score Distribution
Percent of People with Each Score
Percentile by Number Answered
Your Score History
You have not taken this quiz